000 01799cam a22002054a 4500
005 20250605164039.0
008 250528s ||||||||||||||||||||||||d
035 _a16917
040 _aGR-AtMCL
_bgre
_dGR-AtMCL
_eAACR2
245 1 _aΗ Κουλτούρα των Μέσων / Μαζική Κοινωνία και Πολιτιστική Βιομηχανία
250 _a
260 _bΑλεξάνδρεια,
_c1991
300 _a304
520 _aΕισαγωγή, Η Περιττή Διασκέδαση, Για να Απολαύουμε της εκτιμήσεως του Πλήθους, Αποκάλυψη (Ανοιχτή Επιστολή στο Κοινό), Εκείνη η Γλοιώδης Κοινωνική Ομάδα, Το Πάθος για Γλυκύτητα και Φως, Μια Θεωρία της Μαζικής Κουλτούρας, Η Αριστοκρατική Ρίζα, Η Τηλεόραση και η Διαμόρφωση της Μαζικής Κουλτούρας, Αυτός ο Άλλος Κόσμος ήταν Εκείνος της Τέχνης, Κοινωνία και Κουλτούρα, Η Μαζική Κοινωνία και η Κουλτούρα της, Τα Μαζικά Μέσα και η Δομή της Αμερικανικής Κοινωνίας, Η Νέα Αισθαντικότητα, Διαμάχη για τις Επικοινωνίες, Η Εισβολή της Φωτογραφίας, Η Μαζική Αντίδραση του Κοινού, Το Πνεύμα των Καιρών, Η Κουλτούρα των Μαζικών Μέσων, Τίτλοι και Πηγές Πρωτοτύπων.
700 1 _aΛιβιεράτος Κώστας
_93010
700 1 _aΦραγκούλης Τάκης
_93011
942 _cBK
999 _c2366
_d2366